000 01148cam a22003134a 4500
001 12307662
003 OSt
005 20251112161942.0
008 010212s2001 ctua b 001 0 eng c
010 _a 2001022234
020 _a0300088612 (cloth : alk. paper)
020 _a0300088620 (paper)
035 _a(DNLM)101087901
040 _cmust
042 _apcc
050 0 0 _aR118
_b.W77 2001
082 0 0 _a384 WRI 2001
_221
100 _aBarnard, Stephanie; [et...al]
_919520
245 0 0 _aWriting, Speaking, & Communication Skills for Health Professionals:
_cthe Health Care Communication Group
260 _aNew Haven;
_bYale University Press,
_cc2001.
300 _axiii, 338 p. :
_bill. ;
_c21 cm.
504 _aIncludes bibliographical references and index.
650 0 _aCommunications
_918324
650 0 _aInterpersonal communication.
_910023
906 _a7
_bcbc
_corignew
_d1
_eocip
_f20
_gy-gencatlg
942 _2ddc
_cO_SHELF
999 _c9014
_d9014